The sultan & the constitution

Bibliographic Details
Main Author: MUHAMMAD Kamil Awang
Format: Book
Published: Kuala Lumpur : DBP , 1998
Subjects:

MARC

LEADER 00000cam a2200000 7i4500
001 0000000030
005 20000623.0
020 0 0 |a 9836259805 
090 0 0 |a 321.87   |b MUH 1998 
100 0 0 |a MUHAMMAD Kamil Awang 
245 1 4 |a The sultan & the constitution   |c Muhammad Kamil Awang 
260 0 0 |a Kuala Lumpur :   |b DBP ,   |c 1998 
300 |a xlviii, 325 p. ;   |c 23 cm. 
500 0 0 |a Bibliography [p. 315-320] and index 
650 0 0 |a King and rulers   |z Malaya 
651 0 0 |a Malaya   |x History 
651 0 0 |a Malaysia   |x Constitution 
999 |a 0000001213   |b Monograph   |c Open Shelf   |e Default branch